| 000 | 00623nam a22001817a 4500 | ||
|---|---|---|---|
| 999 |
_c190509 _d190509 |
||
| 005 | 20220727111341.0 | ||
| 010 | _aENG-134029 | ||
| 020 |
_a97881189762605 _c250.00 |
||
| 035 | _aEN-117561 | ||
| 037 | _bDBAD/PUB | ||
| 082 | _a881.09541 | ||
| 100 | _aLongkumer, Arkotong | ||
| 245 |
_aThe Poetry of Resistance: _bThe Heraka Movement of Northeast India/ _cArkotong Longkumer |
||
| 260 |
_aNew Delhi _bIndian Social Institute _c2016 |
||
| 270 |
_a10, Institutional Area, Lodhi Road _medoffice@isidelhi.org.in _bNew Delhi _e110003 |
||
| 300 |
_a258p. _bIndex _c24cm(pbk) |
||
| 942 |
_2ddc _cEN _h881.09541 _mLON |
||